| 000 | 004880000a22001930004500 | ||
|---|---|---|---|
| 003 | LK-CoMWRAF | ||
| 005 | 20230928230021.0 | ||
| 008 | 230817t ||||| |||| 00| 0 eng d | ||
| 040 |
_aLK-CoMWRAF _dLK-CoMWRAF _eLK-CoMWRAF |
||
| 041 | _aeng | ||
| 082 |
_a297 _bEXT |
||
| 100 | _aSayyid, Quthubuz Zaman et al. | ||
| 245 | _aExtract from Fatuhuth Dayyan | ||
| 300 | _a40p | ||
| 650 | _aIslam | ||
| 700 |
_aDoray, S. J. Anief _etrans. |
||
| 700 |
_aRishard, L. M. _ecomp. |
||
| 942 | _cBK | ||
| 999 |
_c1791 _d1791 |
||